000 00658nas a2200217 4500
001 BR9506512
003 BR-BrBNA
005 20231205094218.0
007 ta
008 230509b bl.|||p| |||| 00| 00por d
040 _aBR-BrBNA
_bpor
_cBiblioteca Nacional de Agricultura
041 _a(Pt)
072 _aH20
100 1 _aAlves, S.B.
245 1 _aAs racas fisiologicas de Pseudomonas solanacearum (SMTH)na regiao carioca - fluminense
650 _aMurcha Bacteriana
650 _aRio de Janeiro
773 0 _tAgronomia (Brazil)
_x
_g(Aug-Dec 1969), v. 27(3-4) p. 30-34
_wBR9506512
909 _a202311
_bLúcia
_c55
_dLúcia Elande
942 _2AGRIS
_n0
_cANA
999 _c142802
_d142802